| 000 | 00457nam a2200169Ia 4500 | ||
|---|---|---|---|
| 005 | 20250508152818.0 | ||
| 008 | 008 250505s9999 xx 000 0 eng d | ||
| 037 | _aTextual | ||
| 040 |
_aFEDL _beng _cFEDL |
||
| 041 |
_aeng _2eng |
||
| 084 |
_a326.7, CHI _qFEDL |
||
| 245 | 0 | _aChild welfare law | |
| 260 |
_aJapan _bChildren's Bureau Ministry of Welfare _c1952 |
||
| 300 | _a35p. | ||
| 942 |
_cTEXL _h326.7, CHI |
||
| 999 |
_c1338908 _d1338908 |
||